[Event "XX Cracovia-open B"]
[Site "Krakow"]
[Date "2010.01.02"]
[Round "6.3"]
[White "Koziej, Maciej"]
[Black "Helaszek, Edward"]
[Result "0-1"]
[WhiteElo "2026"]
[BlackElo "2092"]
[PlyCount "80"]
[EventDate "2010.??.??"]

1. e4 e5 2. Nf3 Nc6 3. Nc3 Nf6 4. a3 d6 5. d4 Bg4 6. Bb5 Bxf3 7. gxf3 exd4 8.
Qxd4 Nd7 9. Bxc6 bxc6 10. f4 Nb6 11. Be3 Qd7 12. O-O-O O-O-O 13. Rhg1 f5 14. f3
Kb8 15. Rg5 d5 16. exd5 cxd5 17. Qd3 g6 18. Bxb6 axb6 19. Nxd5 Bh6 20. Rg2 Qa4
21. Qc3 Bxf4+ 22. Nxf4 Qxf4+ 23. Rgd2 Rxd2 24. Qxd2 Qxf3 25. Qh6 Qc6 26. Qg7
Re8 27. Qxh7 Re2 28. Rd2 Qh1+ 29. Rd1 Qg2 30. Qg8+ Kb7 31. Qc4 Qxh2 32. Qd5+
Ka7 33. Qc6 Qe5 34. Kb1 Re1 35. Rxe1 Qxe1+ 36. Ka2 Qg3 37. c4 Qd6 38. Qf3 Qe6
39. Qb3 Qe5 40. Qd1 g5 0-1

-1

[Event "XX Cracovia-open B"]
[Site "Krakow"]
[Date "2010.01.02"]
[Round "6.4"]
[White "Griezne, Edvins"]
[Black "Krasiewicz, Robert"]
[Result "1-0"]
[WhiteElo "1992"]
[BlackElo "2092"]
[PlyCount "125"]
[EventDate "2010.??.??"]

1. d4 f5 2. Nf3 g6 3. g3 Bg7 4. Bg2 Nf6 5. O-O d6 6. Nc3 Nc6 7. d5 Ne5 8. Nd4
O-O 9. f4 Neg4 10. h3 Nh6 11. Kh2 Re8 12. Qd3 e6 13. Nxe6 Bxe6 14. dxe6 c6 15.
e4 Rxe6 16. exf5 gxf5 17. Nd1 Qe7 18. c3 Re8 19. Bf3 Kh8 20. Bd2 Ne4 21. Be3 c5
22. Rc1 a6 23. c4 Ng8 24. Rc2 Ngf6 25. Bg1 Qd7 26. Ne3 R6e7 27. b3 Rg8 28. Rg2
Bh6 29. Bxe4 Nxe4 30. Nd5 Re6 31. Rf3 Bg7 32. g4 Rg6 33. g5 Ba1 34. h4 Re6 35.
h5 h6 36. Rf1 Bg7 37. g6 Rf8 38. Re2 Qd8 39. Kh3 Rfe8 40. Rg2 Qd7 41. Bf2 b5
42. Bh4 b4 43. Kh2 a5 44. Qh3 Rf8 45. Qf3 a4 46. Nb6 Qc6 47. Nxa4 Ra8 48. Qh3
d5 49. cxd5 Qxd5 50. Rc1 Rc6 51. Qf3 Bd4 52. Rgc2 Kg7 53. Qd3 Qd6 54. Qf3 Qd5
55. Be1 Qd6 56. Bxb4 Nf6 57. Bc3 Ng4+ 58. Kg3 Re8 59. Re2 Rxe2 60. Qxe2 Qe6 61.
Re1 Qxe2 62. Rxe2 Rd6 63. Rd2 1-0

-0

[Event "XX Cracovia-open B"]
[Site "Krakow"]
[Date "2010.01.02"]
[Round "6.5"]
[White "Bednarczyk, Damian"]
[Black "Korniyuk, Mariya"]
[Result "1-0"]
[WhiteElo "1972"]
[BlackElo "2064"]
[PlyCount "42"]
[EventDate "2010.??.??"]

1. d4 f5 2. c4 Nf6 3. Nf3 g6 4. g3 Bg7 5. Bg2 O-O 6. O-O d6 7. Nc3 Qe8 8. d5 a5
9. Nd4 Na6 10. Re1 Qf7 11. Ncb5 Ne4 12. f3 Nf6 13. e4 fxe4 14. f4 Bf5 15. Bd2
Rfd8 16. Nxf5 gxf5 17. Nd4 Nd7 18. Bc3 c6 19. Bh3 Nac5 20. Nxf5 Bf8 21. Nh4 Nf6
1-0

-0

[Event "XX Cracovia-open B"]
[Site "Krakow"]
[Date "2010.01.02"]
[Round "6.6"]
[White "Zochowski, Kacper"]
[Black "Nikitin, Aleksander I"]
[Result "0-1"]
[WhiteElo "1850"]
[BlackElo "2060"]
[PlyCount "82"]
[EventDate "2010.??.??"]

1. e4 Nf6 2. e5 Nd5 3. c4 Nb6 4. d4 d6 5. exd6 cxd6 6. Nc3 g6 7. Nf3 Bg7 8. h3
O-O 9. b3 Nc6 10. Bb2 Bf5 11. Bd3 Bxd3 12. Qxd3 d5 13. c5 Nc8 14. O-O e6 15. a3
b6 16. b4 bxc5 17. dxc5 d4 18. Ne2 e5 19. Nd2 N8e7 20. f4 exf4 21. Nf3 Nf5 22.
Nxf4 Qc7 23. Ne2 Rad8 24. Bc1 Ne3 25. Re1 Rfe8 26. Rb1 Ne5 27. Nxe5 Qxe5 28.
Kh1 Qg5 29. Rg1 Be5 30. Rb3 Bc7 31. Rb2 Qe5 32. g3 Qd5+ 33. Kh2 Qf3 34. Bxe3
Rxe3 35. Qd1 d3 36. Nf4 Qe4 37. Qg4 d2 38. Rbb1 h5 39. Qg5 h4 40. Qxh4 Re2+ 41.
Nxe2 Qxh4 0-1

-1

[Event "XX Cracovia-open B"]
[Site "Krakow"]
[Date "2010.01.02"]
[Round "6.7"]
[White "Banaszkiewicz, Mikolaj"]
[Black "Jedras, Piotr"]
[Result "0-1"]
[WhiteElo "2047"]
[BlackElo "1941"]
[PlyCount "50"]
[EventDate "2010.??.??"]

1. d4 Nf6 2. c4 c5 3. Nf3 cxd4 4. Nxd4 e5 5. Nb5 d5 6. cxd5 Bc5 7. e3 O-O 8.
N5c3 e4 9. Nd2 Qe7 10. Be2 Bf5 11. Nf1 Nbd7 12. Ng3 Bg6 13. O-O Ne5 14. f4 exf3
15. gxf3 h5 16. Kh1 Bd6 17. Nce4 Nxe4 18. fxe4 Qh4 19. Bb5 Bxe4+ 20. Kg1 Nd3
21. Rf4 Nxf4 22. exf4 Bc5+ 23. Kf1 Qxh2 24. Nxe4 Qh1+ 25. Ke2 Qxe4+ 0-1

-1

[Event "XX Cracovia-open B"]
[Site "Krakow"]
[Date "2010.01.02"]
[Round "6.8"]
[White "Czachor, Grzegorz"]
[Black "Labus, Zbigniew"]
[Result "1-0"]
[WhiteElo "2038"]
[BlackElo "1941"]
[PlyCount "145"]
[EventDate "2010.??.??"]

1. e4 c6 2. d4 d6 3. Nc3 Nf6 4. a4 Qc7 5. Nf3 Bg4 6. Be2 Nbd7 7. O-O e5 8. Re1
Be7 9. b3 O-O 10. Ba3 Rfe8 11. dxe5 dxe5 12. Bxe7 Rxe7 13. Nh4 Bxe2 14. Qxe2 g6
15. Qf3 Re6 16. Rad1 Rd6 17. Rxd6 Qxd6 18. Rd1 Qe7 19. Qg3 Nh5 20. Nf5 Qe6 21.
Qh3 Nf8 22. Rd6 Qe8 23. Qh4 Ne6 24. Nh6+ Kg7 25. Nf5+ Kg8 26. Rd3 Rd8 27. Rf3
Rd7 28. g3 Qd8 29. Qxd8+ Nxd8 30. Ne3 Ne6 31. Nc4 Nd4 32. Rd3 f6 33. Kf1 Re7
34. Rd2 Kf7 35. f4 Ke6 36. a5 a6 37. Na4 Nb5 38. Nc5+ Kf7 39. fxe5 fxe5 40. Nd7
Nf6 41. Ncxe5+ Ke6 42. Nxf6 Kxf6 43. Nd7+ Ke6 44. Nc5+ Ke5 45. Nd7+ Ke6 46.
Nc5+ Ke5 47. Kg2 Nd6 48. c3 Rf7 49. Rd4 g5 50. Nd3+ Ke6 51. c4 h6 52. b4 h5 53.
h3 g4 54. hxg4 hxg4 55. c5 Nb5 56. Rd8 Nc3 57. Nf2 Ke7 58. Rb8 Ke6 59. Rg8 Na2
60. Nxg4 Nxb4 61. Rd8 Rd7 62. Rh8 Nd3 63. Rh6+ Ke7 64. Rh5 Nc1 65. Ne3 Nb3 66.
g4 Nxa5 67. g5 Nb3 68. Rh7+ Ke8 69. g6 Rd2+ 70. Kg1 Nxc5 71. g7 Kf7 72. Nf5 Ne6
73. Nh6+ 1-0

-0

[Event "XX Cracovia-open B"]
[Site "Krakow"]
[Date "2010.01.02"]
[Round "6.10"]
[White "Dusza, Tomasz"]
[Black "Lis, Marek"]
[Result "0-1"]
[WhiteElo "1949"]
[BlackElo "2094"]
[PlyCount "56"]
[EventDate "2010.??.??"]

1. f4 d5 2. Nf3 Bg4 3. e3 g6 4. d4 Nf6 5. Bd3 Nbd7 6. Nbd2 Bg7 7. h3 Bxf3 8.
Qxf3 c6 9. c3 Qc7 10. O-O h5 11. a4 h4 12. c4 e6 13. c5 Nh5 14. a5 a6 15. Re1
f5 16. Qf2 Ng3 17. Nf3 Nf6 18. Ng5 Qe7 19. Ra3 Nfe4 20. Nxe4 fxe4 21. Be2 O-O-O
22. Bg4 Rdf8 23. Qd2 Bh6 24. Qb4 Rf6 25. Rb3 Rhf8 26. Qb6 g5 27. Qa7 Qc7 28.
Bd2 R8f7 0-1

-1